书目信息 |
| 题名: |
建筑项目工程与造价管理
|
|
| 作者: | 陈波 , 战丽丽 , 李凌 主编 | |
| 分册: | ||
| 出版信息: | 长春 吉林科学技术出版社 2022.05 |
|
| 页数: | 210页 | |
| 开本: | 26cm | |
| 丛书名: | ||
| 单 册: | ||
| 中图分类: | TU712.1 , TU723.31 | |
| 科图分类: | ||
| 主题词: | 建筑工程--jian zhu gong cheng--工程项目管理 , 建筑造价管理--jian zhu zao jia guan li | |
| 电子资源: | ||
| ISBN: | 978-7-5578-9277-7 | |
| 000 | 01233nam0 2200289 450 | |
| 001 | CAL 012022036559 | |
| 005 | 20230217093112.0 | |
| 010 | @a978-7-5578-9277-7@dCNY68.00 | |
| 100 | @a20221020d2022 em y0chiy0120 ea | |
| 101 | 0 | @achi |
| 102 | @aCN@b220000 | |
| 105 | @ay a 000yy | |
| 106 | @ar | |
| 200 | 1 | @a建筑项目工程与造价管理@Ajian zhu xiang mu gong cheng yu zao jia guan li@f陈波, 战丽丽, 李凌主编 |
| 210 | @a长春@c吉林科学技术出版社@d2022.05 | |
| 215 | @a210页@d26cm | |
| 320 | @a有书目 (第208-209页) | |
| 330 | @a本书介绍了建筑工程项目管理、造价管理方面的基本知识 ; 重点阐述了建设工程项目的目标及控制、合同动态控制与信息管理, 以适应现代建筑工程建设与项目造价管理的发展现状和趋势。本书内容包括建设工程项目管理概论、建筑工程项目进度管理、可持续建设与建设工程项目的目标及控制、建设工程造价管理概论、建筑工程项目管理的发展与类型、建设工程项目合同动态控制与信息管理。 | |
| 606 | 0 | @a建筑工程@Ajian zhu gong cheng@x工程项目管理 |
| 606 | 0 | @a建筑造价管理@Ajian zhu zao jia guan li |
| 690 | @aTU712.1@v5 | |
| 690 | @aTU723.31@v5 | |
| 701 | 0 | @a陈波@Achen bo@4主编 |
| 701 | 0 | @a战丽丽@Azhan li li@4主编 |
| 701 | 0 | @a李凌@Ali ling@4主编 |
| 801 | 0 | @aCN@bBJXHZP@c20230228 |
| 905 | @b1386543-6@dTU712.1@e2149@f4 | |
| 建筑项目工程与造价管理/陈波, 战丽丽, 李凌主编.-长春:吉林科学技术出版社,2022.05 |
| 210页;26cm |
| ISBN 978-7-5578-9277-7:CNY68.00 |
| 本书介绍了建筑工程项目管理、造价管理方面的基本知识 ; 重点阐述了建设工程项目的目标及控制、合同动态控制与信息管理, 以适应现代建筑工程建设与项目造价管理的发展现状和趋势。本书内容包括建设工程项目管理概论、建筑工程项目进度管理、可持续建设与建设工程项目的目标及控制、建设工程造价管理概论、建筑工程项目管理的发展与类型、建设工程项目合同动态控制与信息管理。 |
| ● |
| 相关链接 |
|
|
|
|
正题名:建筑项目工程与造价管理
索取号:TU712.1/2149
 
预约/预借
| 序号 | 登录号 | 条形码 | 馆藏地/架位号 | 状态 | 备注 |
| 1 | 1386543 | 213865432 | 第二样本阅览室/ [索取号:TU712.1/2149] | 在馆 | |
| 2 | 1386544 | 213865441 | 第三借阅区/ [索取号:TU712.1/2149] | 在馆 | |
| 3 | 1386545 | 213865450 | 第三借阅区/ [索取号:TU712.1/2149] | 在馆 | |
| 4 | 1386546 | 213865469 | 第三借阅区/ [索取号:TU712.1/2149] | 在馆 |